Online
Catalog

Formación integral humana y religiosa 7 / (Record no. 44675)

MARC details
000 -CABECERA
campo de control de longitud fija 01274nam a2200169 a 4500
001 - NÚMERO DE CONTROL
campo de control 000045186
005 - FECHA Y HORA DE LA ÚLTIMA TRANSACCIÓN
campo de control 20250217091458.0
008 - DATOS DE LONGITUD FIJA--INFORMACIÓN GENERAL
campo de control de longitud fija 150209s1986 dr a 000 0 spa d
040 ## - FUENTE DE LA CATALOGACIÓN
Centro catalogador/agencia de origen DO-SdBNP
Lengua de catalogación spa
Centro/agencia transcriptor BNPHU
082 ## - NÚMERO DE LA CLASIFICACIÓN DECIMAL DEWEY
Número de clasificación xxxx
Número de documento/Ítem xxxx
100 1# - ENTRADA PRINCIPAL--NOMBRE DE PERSONA
Nombre de persona López Rodríguez, Nicolás de Jesús,
Fechas asociadas al nombre 1936-
9 (RLIN) 670
245 10 - MENCIÓN DE TÍTULO
Título Formación integral humana y religiosa 7 /
Mención de responsabilidad, etc. Nicolás de Jesús López Rodríguez.
260 ## - PUBLICACIÓN, DISTRIBUCIÓN, ETC.
Lugar de publicación, distribución, etc. Santo Domingo :
Nombre del editor, distribuidor, etc. Susaeta Ediciones Dominicanas,
Fecha de publicación, distribución, etc. 1986.
300 ## - DESCRIPCIÓN FÍSICA
Extensión 80 p. :
Otras características físicas il. ;
Dimensiones 25 cm.
504 ## - NOTA DE BIBLIOGRAFÍA, ETC.
Nota de bibliografía, etc. Bibliografía : p. 80
505 0# - NOTA DE CONTENIDO CON FORMATO
Nota de contenido con formato El hombre: La obra más perfecta de la creación --
Título Origen del mundo y de la vida --
-- El hombre es muy superior a los animales --
-- El hombre, ser en evolución --
-- Mi cuerpo es algo maravilloso --
-- Soy materia y espíritu --
-- Mi vida, regalo de Dios --
-- El hombre: ser que se realiza en otros --
-- No estoy solo: vivo en sociedad --
-- Quiero servir a los demás -
-- El hombre: hijo de Dios --
-- Nace el pueblo de Dios: los patriarcas --
-- Esclavitud y liberación del pueblo de Dios: Moisés --
-- El pueblo de Dios entra en la tierra prometida y se convierte en reino: Los jueces y la monarquía --
-- El pueblo de Dios se mantiene en la fe en la esperanza: Los profetas --
-- La libertad de Jesús --
-- El nuevo reino de Dios --
Holdings
Estado de retiro Estado de pérdida No para préstamo Código de colección Localización permanente Ubicación/localización actual Ubicación en estantería Fecha de adquisición Número de inventario Total de préstamos Signatura topográfica completa Código de barras Fecha visto por última vez Precio válido a partir de Tipo de ítem Koha
    Excluido de préstamo Patrimonio Dominicano Patrimonio Dominicano Patrimonio Dominicano En catalogación 09.02.2015 LF1   xxxx xxxx 45186-10 25.06.2020 25.06.2020 Libro y Folleto Colección Patrimonio Dominicano

Powered by Koha